| 000 | 00416nam a2200133Ia 4500 | ||
|---|---|---|---|
| 005 | 20260328101451.0 | ||
| 008 | 260328s9999||||xx |||||||||||||| ||und|| | ||
| 100 | _aMoleón Gavilanes, Pedro | ||
| 245 | 0 |
_aAlcalá de Henares : _b Arquitectura para una Ciudad y universidad recuperadas / _cPedro Moleón Gavilanes |
|
| 260 | _bUniversidad de Alcalá | ||
| 300 | _a137 p. | ||
| 650 | _aARQUITECTURA REGIONAL | ||
| 942 | _cBK | ||
| 999 |
_c8676 _d8676 |
||